| 000 | 00582cam a22001457a 4500 | ||
|---|---|---|---|
| 008 | 180718b1975 xxu||||| |||| 00| 0 eng d | ||
| 082 | _aB235x54 K966 | ||
| 245 |
_aIndia, state and society: a Marxian approach _cedited by K. Mathew Kurian |
||
| 260 |
_aMadras _bOrient Longman _c1975 |
||
| 300 | _a308p. | ||
| 500 | _aSelected papers from among the contributions made to the first and second All India Conferences on "Marxian Approach of Research in Social Sciences" | ||
| 650 | _aCommunism and society | ||
| 650 | _aSocial sciences --Research --India | ||
| 700 | _aKurian, K. Mathew | ||
| 999 |
_c348978 _d348978 |
||